Algunas reflexiones sobre el lenguaje biológico (Record no. 189017)

MARC details
000 -LEADER
campo de control de longitud fija 00810nam a2200181 i 4500
001 - NÚMERO DE CONTROL
campo de control 189017
003 - IDENTIFICADOR DE NÚMERO DE CONTROL
campo de control ES-MaACL
005 - FECHA Y HORA DE LA ÚLTIMA TRANSACCIÓN
campo de control 20251004063230.0
008 - DATOS DE LONGITUD FIJA--INFORMACIÓN GENERAL
campo de control de longitud fija 190321s1948 sp |||| | spa d
100 1# - ENTRADA PRINCIPAL--NOMBRE DE PERSONA
Nombre de persona Fernández Galiano, Emilio,
Fechas asociadas al nombre 1885-1953
9 (RLIN) 49799
245 10 - MENCIÓN DEL TÍTULO
Título Algunas reflexiones sobre el lenguaje biológico
Resto del título : discurso leido el... 18 de Marzo de 1948 en su recepción pública /
Mención de responsabilidad, etc. por el Excmo. Sr. D. Emilio Fernández Galiano / y contestación del Excmo. Sr. D. Angel González Palencia.
260 ## - PUBLICACIÓN, DISTRIBUCIÓN, ETC.
Lugar de publicación, distribución, etc. Madrid :
Nombre del editor, distribuidor, etc. [s.n.],
Fecha de publicación, distribución, etc. 1948 (
Fabricante Gráf. Montaña)
300 ## - DESCRIPCIÓN FÍSICA
Extensión 31 p. ;
Dimensiones 24 cm.
594 ## - Nota al título y mención de responsabilidad
Nota al título y mención de responsabilidad Precede al tít.: Real Academia Española.
700 1# - ENTRADA AGREGADA--NOMBRE PERSONAL
Nombre de persona González Palencia, Ángel,
Fechas asociadas al nombre 1889-1949
9 (RLIN) 58854
852 ## - LOCALIZACIÓN
Ubicación ES-MaACL
Número de control de estantería K-157-8
Nota libre .- Enc. en un vol. facticio
Holdings
Estatus retirado Estado de pérdida Estado de daño No para préstamo Biblioteca de origen Biblioteca actual Ubicación en estantería Fecha de adquisición Fuente de adquisición Total de préstamos Signatura topográfica completa Código de barras Visto por última vez Precio de reemplazo Tipo de ítem Koha
        Biblioteca del Ateneo de Madrid Biblioteca del Ateneo de Madrid Administración 21/03/2019     K-157-8 1200185 23/02/2023 23/02/2023 Libro impreso